Statistiques concernant Culture Générale - Série 1428

Cliquez ici pour prendre le quiz!

Statistiques générales

  • Ce quiz a été pris 66 fois
  • Le résultat moyen est 6 sur 10

Statistiques - réponses

QuestionRéponse% Correct
Quel produit alimentaire peut être salé, doux, demi-sel ou maître d'hôtel ?beurre
97%
Selon l'expression, quand on est mort et enterré on mange les pissenlits par la ...racine
91%
De quel signe astrologique est une personne née le 1er avril ?bélier
90%
De quel pays d'Asie se trouve la ville de Bangalore ?Inde
76%
Quelle est la cinquième planète visible à l'oeil nu, depuis la Terre, avec Mercure, Mars, Jupiter et Saturne ?Vénus
76%
Dans quel État américain est située l'ancienne prison d'Alcatraz ?Californie
76%
Traditionnellement, combien de cases comporte un plateau de jeu de l'oie ?63
53%
Dans quelle ville le chanteur Joe Dassin est-il né ?New York
43%
Quel groupe espagnol, composée de trois soeurs, a fait un tube connu sous le titre : "The Ketchup Song", en 2002 ?Las Ketchup
29%
Quel Américain a composé la musique du film de 1957 "West Side Story" ?Leonard Bernstein
17%

Distribution des résultats

Percentile par nombre de réponses

% des personnes avec chaque résultat

Votre développement - résultats

Vous n’avez pas pris ce quiz